Série belasých stále trvajú! futbalová Mars superliga - 9. kolo

Bibliographic Details
Format: Article
Language:Slovak
PhysicalDescription:Fotogr.
Subjects:

MARC

LEADER 00000nab a2200000 a 4500
001 vtls000732712
003 SK-MaSNL
005 20260302193001.0
008 040806c2000 xo 0 slo
015 |a SNBRB2000/09-23894 
035 |a CLN000084823 
040 |a SNKBUCL  |b slo  |c SNKBUCL  |e AACR2 
041 0 |a slo 
044 |a xo  |c SK 
080 |a 796.332.093.1  |2 UDC-MRF-SK2 
245 0 0 |a Série belasých stále trvajú!  |b futbalová Mars superliga - 9. kolo 
300 |b Fotogr. 
650 0 7 |a futbal  |x Mars superliga  |x kolo 9.  |y sezóna 2000/2001  |2 snkbucl  |9 910983 
655 7 |a články z novín a časopisov  |2 snkbucl  |9 267496 
773 0 |t Šport  |g Roč. 54, č. 214 (18.9.2000), s. 6-7 
850 |a Slovenská národná knižnica v Martine 
852 |a SNK  |b KIS3GCP 
999 |c 1442811  |d 1444741